[Event "North Urals Cup (Women) 2nd"]
[Site "Krasnoturinsk"]
[Date "2004.07.25"]
[Round "2"]
[White "Kursova, Maria"]
[Black "Krush, Irina"]
[Result "0-1"]
[WhiteElo "2334"]
[BlackElo "2459"]
[Annotator "Huzman,A"]
[PlyCount "58"]
[EventDate "2004.07.24"]
[EventType "tourn"]
[EventRounds "9"]
[EventCountry "RUS"]
[EventCategory "9"]
[SourceTitle "CBM 103"]
[Source "ChessBase"]
[SourceDate "2004.11.11"]
[SourceVersion "1"]
[SourceVersionDate "2004.11.11"]
[SourceQuality "1"]

1. d4 d5 2. Nf3 Nf6 3. c4 dxc4 4. e3 e6 5. Bxc4 c5 6. O-O a6 7. a4 Nc6 8. Qe2
Qc7 9. Rd1 Bd6 10. dxc5 Bxc5 11. b3 b6 12. Bb2 Bb7 13. Nbd2 O-O (13... Qe7 14.
Ng5 Nb4 15. Rac1 Na2 16. Ra1 Nb4 17. Rac1 Na2 18. Ra1 Nb4 {1/2-1/2 Koneru,
H-Ganguly,S/Calicut IND 2003/(18)}) 14. Rac1 Rfd8 (14... Nb4 15. Ng5 $1 (15.
Ne5 Rfd8 16. Nd3 Nxd3 17. Bxd3 Qe7 18. a5 Nd5 19. Ne4 Nb4 20. Nxc5 bxc5 21. Bc4
Bd5 $11 {1/2-1/2 Salai,J-Sakai,K/IECG 2003/Telechess CBM 97 (36)}) 15... Qe7
16. Ndf3 (16. Bxf6 Qxf6 17. Qh5 h6 (17... Qf5 $5) 18. Nge4 Qe7 19. Nxc5 bxc5
20. Be2 $14 {1/2-1/2 Palsson,J-Freydl,R/ICCF Email 2002/ICCF Telechess CBM 100
(24)}) 16... h6 17. Nh3 Rfd8 18. Nf4 Rxd1+ 19. Rxd1 Rd8 20. Rxd8+ Qxd8 21. Ne5
$36 {1-0 Anand,V-Ponomariov,R/Mainz 2002/CBM 91/[Huzman] (46)}) 15. Ng5 (15.
Bd3 Nb4 16. Bb1 Qe7 17. Ng5 Nbd5 18. Nc4 h6 19. Nf3 Nb4 20. Nfe5 {1/2-1/2
Neverov,V-Vladimirov,E/Frunze 1988/TD (20)}) (15. Bxf6 gxf6 16. Ne4 Rxd1+ 17.
Qxd1 Be7 $11 {1/2-1/2 Kosyrev,V-Rustemov,A/Tomsk RUS 2004/(33)}) 15... Bd6 16.
f4 h6 17. Nge4 (17. Bxf6 gxf6 18. Nge4 f5 (18... Be7 19. f5 $1 $40) 19. Nxd6
Rxd6 20. Nf3 $14 {/=}) 17... Nxe4 18. Nxe4 Bf8 19. Ng3 $6 {[%cal Gg3h5,Gh5g7,
Gb2g7,Ge2g4,Gg4g7]} (19. Qg4 Rxd1+ 20. Rxd1 Rd8 $11) 19... Rxd1+ 20. Rxd1 Na5
$1 $132 21. Bd3 Nxb3 22. Bb1 (22. Nh5 f5 23. Bc4 Nc5 $17) 22... Nc5 23. Qc2 f5
$17 24. Ba2 Kh8 25. Ba1 $2 (25. Bxe6 $142 Qe7 $5 (25... Nxe6 26. Qxc7 Nxc7 27.
Rd7 Rc8 28. Be5 Bc6 29. Rxc7 Rxc7 30. Bxc7 Bxa4 31. Bxb6 Bc2 $15) 26. Bxf5
Qxe3+ 27. Kh1 Rd8 $1 28. Nh5 Ne6 29. Bc1 Qf3 $1 30. gxf3 (30. Re1 Nd4 31. gxf3
Nxc2 32. Bxc2 Bxf3+ 33. Kg1 Bxh5 $17) 30... Bxf3+ 31. Kg1 Bc5+ 32. Kf1 Rxd1+
33. Qxd1 Bxd1 34. Bxe6 Bxh5 $17) 25... Qc6 $19 26. Rd2 Rc8 27. h3 Nxa4 28. Qxc6
Rxc6 29. Rd8 Rc8 0-1

[Event "Lippstadt 12th"]
[Site "Lippstadt"]
[Date "2004.07.27"]
[Round "4"]
[White "Koneru, Humpy"]
[Black "Wehmeier, Stefan"]
[Result "0-1"]
[WhiteElo "2511"]
[BlackElo "2364"]
[Annotator "Huzman,A"]
[PlyCount "114"]
[EventDate "2004.07.24"]
[EventType "tourn"]
[EventRounds "9"]
[EventCountry "GER"]
[EventCategory "10"]
[SourceTitle "CBM 103"]
[Source "ChessBase"]
[SourceDate "2004.11.11"]
[SourceVersion "1"]
[SourceVersionDate "2004.11.11"]
[SourceQuality "1"]

1. d4 d5 2. Nf3 e6 3. c4 a6 4. Nc3 dxc4 5. a4 Nf6 6. e3 b6 7. Bxc4 Bb7 8. O-O
c5 9. Qe2 Qc7 10. Rd1 Nbd7 11. e4 $6 cxd4 12. Nxd4 (12. Rxd4 Bc5 13. Rd1 Ng4
$36) 12... Ne5 (12... Bc5 13. Nb3 Bd6 14. h3 O-O 15. Bg5 h6 16. Bxf6 Nxf6 17.
Rac1 Be5 18. Nd2 Rfd8 $15 {1-0 Padilla,H-Cerron,R/Lima 2002/EXT 2003 (46)}) (
12... Bd6 13. g3 Bc5 14. Bxe6 fxe6 15. Nxe6 Qc6 16. Nxg7+ Kf7 17. Bh6 Ne5 18.
b4 Bf8 19. f4 (19. Nd5 $5) 19... Neg4 $19 {0-1 Sass,A-Bathke,J/Hamburg 1999/
CBM 72 (37)}) 13. Bb3 (13. Ba2 Neg4 (13... Nc6 14. Nxc6 Bxc6 15. Nd5 Qb7 16.
Bf4 $16 {1-0 Kunin,V-Dolgov,A/Moscow 1997/EXT 2000 (32)}) 14. g3 Bc5 15. f3 Rd8
$17 {0-1 Kyhle,B-Degerman,L/Stockholm 1994/EXT 2000 (21)}) 13... Neg4 $1 (13...
Ng6 14. Bg5 Bc5 15. a5 b5 16. Ncxb5 axb5 17. Qxb5+ Kf8 (17... Ke7 18. Rac1 Rhc8
19. Rxc5 Qxc5 20. Qxb7+ Qc7 21. Nc6+ Kf8 22. Rd8+ Ne8 23. Qxc7 {1-0 Kan,
I-Goglidze,V/Leningrad 1936/EXT 98 (23)}) 18. Bxf6 gxf6 19. Rdc1 Rc8 20. Bxe6
Bxd4 21. Bxc8 $18 {1-0 Michenka,J-Baier,P/CZE 1995/EXT 98 (27)}) 14. g3 (14.
Nf3 Bc5 15. Rf1 O-O $15) 14... Bc5 15. Bg5 (15. h3 Nxf2 $1 16. Qxf2 e5 17. Be3
exd4 18. Bxd4 O-O 19. Bxc5 bxc5 20. Nd5 $6 (20. Bd5 Rab8 21. Rd2 Rfe8 $15)
20... Bxd5 $17 {0-1 Erdogan,H-Markowski,T/Istanbul 2003/CBM 96/[Huzman] (41)})
(15. Kg2 Rd8 (15... Nxf2 $5 16. Kxf2 (16. Qxf2 e5 $17) 16... e5 $17) 16. Bxe6
Nxf2 17. Qxf2 Nxe4 18. Nxe4 Bxe4+ 19. Kh3 O-O 20. Bf4 Qb7 21. Bg4 h5 $1 22.
Bxh5 Qd5 $17) 15... h6 (15... Rd8 $5 16. Bxe6 (16. Bxf6 Nxf6 17. Nf3 O-O $17)
16... fxe6 17. Nxe6 Rxd1+ 18. Rxd1 Qc6 19. Rd8+ Kf7 20. Rxh8 Qxe6 $17) (15...
Qe5 $5 16. Bxf6 Nxf6 17. Nf3 Qh5 $17) 16. Bxf6 Nxf6 $15 {Due to the pair of
bishops Black has a long-term advantage.} 17. Bc2 Rd8 (17... O-O 18. Nb3 Bb4
19. e5 Nd7 20. Na2 $1 (20. Qd3 Rfd8 21. Qh7+ Kf8 22. Qh8+ Ke7 23. Qxg7 Nxe5 $17
{[%cal Ye5f3]}) 20... Nxe5 (20... Bc5 21. Nxc5 Nxc5 22. b4 Qc6 23. f3 Nxa4 24.
Rd6 Qb5 25. Bd3 Qe8 26. f4 $44) 21. Nxb4 Nf3+ 22. Kf1 Nxh2+ 23. Kg1 Nf3+ $11)
18. Nb3 Rxd1+ 19. Rxd1 Be7 20. Bd3 Qc8 21. Rc1 (21. e5 $5 Nd7 22. Be4 O-O 23.
f4 $11) 21... Qa8 22. Nd2 (22. e5 Nd7 23. f4 Nc5 24. Nxc5 Bxc5+ 25. Kf1 $11)
22... O-O 23. f3 Nd7 24. Nc4 Qd8 (24... Rd8 $5) 25. Kg2 Qc7 26. Nd2 Nc5 27. Bc4
Qd7 (27... Bf6 $5) 28. b3 (28. Nb3 Nxb3 29. Bxb3 Rc8 $15) 28... Rd8 29. Ndb1
Rc8 30. Qa2 Qc6 $17 31. Bf1 Bg5 32. Rd1 Nd7 33. b4 Qc7 34. h4 Be7 35. Qb3 (35.
b5 a5 {[%csl Ra4][%cal Ye7b4,Yd7c5]}) 35... Ne5 36. Be2 Ng6 {[%csl Rg3][%cal
Ye7d6,Yc7g3]} 37. h5 Ne5 38. Rc1 Nc6 $1 {[%cal Yc6d4] Black has provocated the
pawn moves of White. Now he is ready to use this.} 39. Na2 Qe5 40. Qe3 Qb2 (
40... Nxb4 41. Rxc8+ Bxc8 42. Nxb4 Bxb4 43. Qxb6 Be1 $17) 41. Nbc3 (41. Qd2
Qxd2 42. Nxd2 Nxb4 43. Rxc8+ Bxc8 44. Nxb4 Bxb4 45. Nc4 Bc5 $17) 41... Bg5 $2 (
41... Nxb4 42. Rb1 (42. Qxb6 Rxc3 $1 43. Nxc3 Qxc1 44. Qxb7 Bf8 45. Qc7 Na2 $19
) 42... Qa3 43. Qxb6 Nxa2 44. Rb3 Qd6 45. Qxb7 Rxc3 46. Rxc3 Nxc3 47. Qc8+ $11)
42. f4 (42. Qxb6 Nd8 (42... Rb8 43. Rb1 Qd2 44. Rd1 Qb2 45. b5 $16) (42... Ba8
43. Qxa6 Rd8 44. Rd1 $16) 43. Rd1 Bd2 44. Nb1 Bxb4 45. Rd2 (45. Rxd8+ Rxd8 46.
Qxd8+ Kh7 47. Nxb4 Qxe2+ 48. Kh3 Qxf3 $44) 45... Qxb1 46. Nxb4 Kh7 47. Bd3 Qe1
48. Rf2 $14) 42... Bf6 43. Rb1 Qa3 44. Qxb6 Ba8 $1 45. Qxa6 (45. Bxa6 Bxc3 46.
Nxc3 Qxc3 47. Bxc8 Qc2+ $19) 45... Rd8 $2 (45... Ne7 $1 $19) 46. Qc4 Bxc3 47.
Nxc3 Rd2 48. Kh3 $2 (48. Kf2 Rc2 49. Rb3 Qa1 50. Qd3 $18) 48... Rc2 49. Nb5 (
49. Rb3 Qc1 $40 {[%cal Yc1c4,Yc1h1]}) 49... Qxa4 50. Ra1 $4 (50. Bd1 Rxc4 51.
Bxa4 Nxb4 52. e5 $11) 50... Qxa1 51. Qxc2 Qh1+ 52. Kg4 Ne7 (52... f5+ 53. exf5
Ne7 $1 54. fxe6 Bg2 $1 $19) 53. f5 (53. Nd6 f5+ 54. exf5 (54. Nxf5 exf5+ 55.
exf5 Be4 $19) 54... Bg2 $19) 53... Bxe4 54. Qc4 Nd5 55. Qc8+ Kh7 56. Nd6 Bxf5+
57. Nxf5 Nf6+ (57... Nf6+ 58. Kf4 Qe4#) 0-1

[Event "Linares Anibal op 04th"]
[Site "Linares"]
[Date "1997.??.??"]
[Round "6"]
[White "Jussupow, Artur"]
[Black "Gonzalez Garcia, Jose"]
[Result "1-0"]
[WhiteElo "2665"]
[BlackElo "2475"]
[Annotator "Huzman,A"]
[PlyCount "77"]
[EventDate "1997.02.??"]
[EventType "swiss"]
[EventRounds "10"]
[EventCountry "ESP"]
[SourceTitle "CBM 058"]
[Source "ChessBase"]
[SourceDate "1997.06.01"]
[SourceVersion "1"]
[SourceVersionDate "1997.06.01"]
[SourceQuality "1"]

1. d4 d5 2. c4 dxc4 3. e3 Nf6 4. Bxc4 e6 5. Nf3 c5 6. O-O a6 7. Bb3 b5 8. a4 b4
9. Nbd2 Bb7 10. a5 Nbd7 11. Nc4 (11. Ba4 Be7 12. dxc5 Bxc5 13. Nb3 O-O 14. Ne5
Nxe5 15. Nxc5 Qc7 16. Nxb7 Qxb7 17. Qd4 Ng6 18. Bd2 Rab8 19. Rfd1 Rfd8 20. Qc4
Rdc8 21. Qe2 Ne4 22. Be1 {1/2-1/2 Piket,J-Lautier,J/Monaco m 1996}) 11... Be7
12. Nfe5 (12. Qe2 O-O 13. Rd1 Qc7 14. Bd2 cxd4 15. exd4 Bd5) 12... O-O 13. Qe2
Qc7 14. Bd2 cxd4 $6 {[%cal Gc1c8] A strategical mistake.In spite of appeared
isolated pawn d4,the opened line "c" and the possibility to push the
blacksquare bishop of white to square g5 give the opportunity for the white to
seize initiative.Better was the 14...Bd5-see game Yussupov-Lautier,Ubeda97} (
14... Bd5 {Huzman} 15. Nxd7 Nxd7 16. e4 Bxc4 17. Qxc4 Qb7 18. d5 Ne5 19. Qe2 c4
20. Bxc4 Nxc4 21. Qxc4 exd5 22. exd5 Rfd8 $11 {0-1 Jussupow,A-Lautier,J/It,
Ubeda ESP 1997 (44)}) 15. exd4 Bd5 16. Bg5 {[%csl Rb6,Re7][%cal Ge5d7]} Rad8 (
16... Rfd8 17. Rfc1 $5 Qb7 18. f3 {/\19.Ba4}) 17. Rac1 (17. Rfc1 $5) 17... Qb7
18. f3 Qb5 19. Kh1 Rfe8 $6 (19... Nb8 $142 $14 {/=}) 20. Qe3 Nxe5 $2 {Not
standing piece pressure of the white the black lead the game into
strategically hopeless position in view of the weaknesses of the pawns of the
queen's side.} (20... Nb8 21. Ra1 $16) (20... Rc8 $142 {[%cal Gd7e5] /\21...Ne5
}) 21. dxe5 Nd7 22. Bxe7 Rxe7 23. Rfd1 $16 {[%cal Gc4d6]} Bxc4 24. Rxc4 Rde8 (
24... Qxa5 25. Rcd4 $18) 25. Rc7 Nf8 26. Rc5 Qb8 27. Ba4 (27. Rd6 Nd7) 27...
Rc8 28. Rxc8 Qxc8 29. Qb6 {[%csl Ra6,Rb4]} Qc4 30. Qd6 $1 $18 Qc7 (30... Rc7 $2
31. Qxf8+ Kxf8 32. Rd8+ Ke7 33. Re8#) 31. h3 {[%cal Gd6a6,Ga5a6] /\32.Qa6 and
passed pawn "a" will deside game} (31. Qxb4 $18) 31... f6 32. exf6 gxf6 33.
Qxa6 Rg7 34. Bb3 Qe5 35. Rg1 (35. Qd6 $1 Qe2 36. Rd2 $18) 35... Kh8 36. Qc8 Rg8
37. a6 Qe3 38. Qd8 Kg7 39. Qe7+ 1-0

[Event "Moscow Aeroflot op-A"]
[Site "Moscow"]
[Date "2005.02.21"]
[Round "7"]
[White "Kaidanov, Gregory S"]
[Black "Sorokin, Maxim"]
[Result "1/2-1/2"]
[WhiteElo "2629"]
[BlackElo "2578"]
[Annotator "Huzman,A"]
[PlyCount "46"]
[EventDate "2005.02.15"]
[EventType "swiss"]
[EventRounds "9"]
[EventCountry "RUS"]
[SourceTitle "CBM 106"]
[Source "ChessBase"]
[SourceDate "2005.06.06"]
[SourceVersion "1"]
[SourceVersionDate "2005.06.06"]
[SourceQuality "1"]

1. d4 d5 2. c4 dxc4 3. e3 e6 4. Bxc4 a6 5. Nf3 Nf6 6. a4 c5 7. O-O Nc6 8. Qe2
cxd4 9. Rd1 Be7 10. exd4 O-O 11. Nc3 Nd5 12. Bb3 Ncb4 (12... Re8 {was tried in
the Kramnik -Kasparov match in London.}) 13. Ne5 (13. Bd2 Bd7 14. Rac1 Bc6 15.
Ne5 Bg5 (15... a5 16. Ne4 Qe8 (16... Rc8 17. Nc5 Qd6 18. Nc4 Qd8 19. Nxa5 Qxa5
20. Bxd5 Bxd5 21. Qe1 Bxc5 22. dxc5 Qxa4 23. Bxb4 Qc6 $11 {1/2-1/2 Gruenberg,
R-Bischoff,K/BL8485 1985/GER-chT (25)}) 17. Bxb4 Nxb4 18. Nxc6 bxc6 19. Rc4 Qb8
20. g3 Rd8 21. Nc5 Bxc5 22. Rxc5 Na6 23. Rc3 Qb6 24. Qc4 Rd6 $11 {0-1 Haba,
P-Voloshin,L/CZE 1997/EXT 98 (52)}) 16. Nxc6 Nxc6 17. Bxg5 Qxg5 18. Nxd5 exd5
19. Qe3 $14 {1/2-1/2 Glyanets,A-Vaulin,A/Ekaterinburg 1997/CBM 57 ext (73)}) (
13. Ne4 b6 14. h4 Bb7 15. h5 h6 16. Ne5 Rc8 17. Bd2 Nc2 18. Bxh6 $5 $40 {
1-0 Johannessen,L-Christenson,F/Fredrikstad 2003/CBM 95 ext (29)}) 13... Bd7
14. Ne4 (14. Nxd5 Nxd5 (14... exd5 15. Qf3 Be6 16. Bd2 $14 {1-0 Aseev,K-Vaulin,
A/Elista 2001/CBM 83/[Huzman] (79)}) 15. Bd2 (15. Rd3 Rc8 (15... Bc6 16. Rg3 $6
(16. Nxc6 $5 bxc6 17. a5) 16... Bf6 17. Bc2 g6 $8 18. Bh6 Re8 19. Re1 Qb6 20.
Rg4 Ne7 21. h4 Nf5 22. Bg5 Bg7 23. h5 Qxb2 24. h6 $13 {1-0 Magerramov,
E-Raetsky,A/Rostov 1993/CBM 36/[Chekhov] (40)}) 16. Bd2 (16. Rg3 Bh4 17. Rg4
Bf6 18. h4 Bc6 19. Bg5 h5 20. Nxc6 Rxc6 21. Bxd5 exd5 {1/2-1/2 Ionov,S-Makarov,
M/Tomsk 2001/CBM 82 ext (21)}) 16... Bc6 17. Re1 Bf6 18. Ng4 Bg5 19. Ne5 Bxd2
20. Qxd2 Nf6 21. Rc1 Bd5 $11 {1/2-1/2 Hort,V-Chandler,M/Biel 1987/CBM 03 (33)})
15... Bd6 16. Qf3 Bc6 17. Rac1 Rc8 18. Qd3 Bxe5 19. dxe5 Qh4 20. Rc4 Qh5 21.
Re1 Nb6 22. Rd4 Qg6 $11 {1/2-1/2 Tihonov,J-Rodchenkov,V/Samara 2002/CBM 89 ext
(63)}) (14. h3 $5 Be8 15. Qf3 Rc8 16. Bd2 Nxc3 17. bxc3 Nc6 18. Bf4 Bd6 19. Qg3
$14 {Vyzmanavin,A-Ehlvest,J Tilburg 1992/}) (14. Qg4 Nf6 15. Qg3 Bc6 (15... Kh8
16. d5 (16. Qf3 Bc6 17. Nxc6 bxc6 18. a5 Nbd5 19. Bc2 Rb8 20. Bd3 Qc8 21. Qe2
Nb4 22. Bf4 Ra8 23. Bb1 Rd8 $11 {1/2-1/2 Zakharevich,I-Rodchenkov,V/Tula 2002/
CBM 87 ext (44)}) 16... exd5 17. Nxd5 Nbxd5 18. Bxd5 Be6 19. Bh6 $1 $18 {
1-0 Rogozenko,D-Vaulin,A/Pardubice 1997/CBM 59 ext (25)}) 16. Bh6 Ne8 17. Rac1
(17. Nxc6 $5 bxc6 18. Bf4 (18. Ne4 $14) 18... a5 19. Be5 Qb6 20. Bc4 Nd5 $11 {
1/2-1/2 Poluljahov,A-Yakovich,Y/Krasnodar 2002/CBM 91 (29)}) (17. Bf4 Nf6 18.
Nxc6 bxc6 19. Bc7 Qd7 20. Be5 g6 21. a5 Nfd5 22. Qf3 f6 23. Bg3 Rf7 24. Re1 Bf8
25. Na4 Re8 26. Qe2 Qa7 27. Qc4 f5 28. Be5 $16 {1-0 Lukacs,P-Arnold,L/Budapest
2001/CBM 83 ext (39)}) 17... Rc8 18. Qg4 Kh8 19. d5 Bxd5 20. Nxd5 Rxc1 21. Rxc1
(21. Bxc1 exd5 22. Qf5 Nf6 $1 23. Bg5 Qd6 $15 {1/2-1/2 Magerramov,E-Ibragimov,
I/Moscow 1991/URS-ch/[ChessBase] (33)}) 21... exd5 22. Qf5 $44 {Magerramov,
E-Ibragimov,I Moscow 1991/}) (14. Qf3 Be8 15. Qh3 Rc8 16. Bd2 Qd6 17. Nxd5 Nxd5
18. Bxd5 exd5 19. Qxc8 Bxa4 20. Qc3 {1-0 Hansen,C-Sorensen,T/Hinnerup 1979/EXT
98 (20)}) 14... Rc8 15. Nc5 Bxc5 16. dxc5 Rxc5 17. Qg4 (17. Qe4 $142 Rc7 (17...
Bc8 18. Be3 Rc7 19. Bb6 $18) 18. Bd2 Nc6 19. Bxd5 exd5 20. Qxd5 Bg4 21. Qxd8
Rxd8 22. Nxg4 (22. Nxc6 Rxc6 23. Re1 f6 24. Bc3 $11) 22... Rcd7 23. Rac1 Rxd2
24. Ne3 Kf8 25. Kf1 $11) 17... Bc8 (17... Bc6 18. Bd2 Qc7 (18... Qf6 19. Qg3
Rc8 20. Bg5 Qf5 21. Bh6 g6 22. Nc4 $44) 19. Bxb4 Nxb4 20. Nxf7 Rxf7 21. Qxb4
Rg5 22. g3 Rf6 23. Qd6 $14) 18. Bd2 Qc7 19. Nf3 (19. Qe4 b6 20. Nf3 a5 21. Ng5
Nf6 22. Qh4 Bb7 23. Bc3 Rxc3 24. bxc3 Qxc3 $15) 19... a5 20. Qh4 b6 21. Ng5 h6
22. Ne4 Rc6 23. Nc3 Ba6 (23... Ba6 24. Nxd5 (24. Qg4 Nf6 25. Qh4 Qe5 26. Bf4
Qh5) 24... Nxd5 25. Bxd5 exd5 26. Qd4 (26. Bc3 Rg6) 26... Rd8 27. Bc3 Rg6 28.
Re1 $15) (23... Qe5 $5 24. Re1 (24. Nxd5 Nxd5 25. Bxd5 exd5 26. Bc3 Qe4 27. Qg3
Rg6 28. f3 Qf5 29. Qf2 $15) 24... Qf6 25. Qg3 Ba6 $15) 1/2-1/2

[Event "Pamplona 14th"]
[Site "Pamplona"]
[Date "2004.12.28"]
[Round "6"]
[White "Bruzon Batista, Lazaro"]
[Black "Karjakin, Sergey"]
[Result "1/2-1/2"]
[WhiteElo "2637"]
[BlackElo "2576"]
[Annotator "Huzman,A"]
[PlyCount "78"]
[EventDate "2004.12.22"]
[EventType "tourn"]
[EventRounds "7"]
[EventCountry "ESP"]
[EventCategory "16"]
[SourceTitle "CBM 105"]
[Source "ChessBase"]
[SourceDate "2005.04.11"]
[SourceVersion "1"]
[SourceVersionDate "2005.04.11"]
[SourceQuality "1"]

1. d4 d5 2. c4 dxc4 3. Nf3 Nf6 4. e3 e6 5. Bxc4 a6 6. Bd3 c5 7. O-O Nc6 8. Nc3
cxd4 9. exd4 Be7 10. Bg5 O-O 11. Rc1 Nd5 12. Be3 (12. Nxd5 Bxg5 (12... exd5 13.
Bxe7 Qxe7 14. Rc5 (14. Re1 Qf6 15. Ne5 Nxe5 16. Rxe5 Be6 17. Qd2 $14 {1-0 Zaja,
I-Stevic,H/Pula 2000/CBM 75 (38)}) 14... Be6 (14... Bg4 15. Rxd5 Rfd8 16. Rxd8+
Rxd8 17. d5 Ne5 18. Be2 Bxf3 19. Bxf3 Qb4 20. b3 $14 {1-0 Ligterink,G-Ree,H/
Amsterdam 1994/CBM 43 (38)}) 15. Re1 g6 16. Qc1 Qf6 17. Qc3 Rfe8 18. a3 Qf4 19.
Qc1 {1/2-1/2 Ruck,R-Izsak,G/Hungary 1997/EXT 2000 (19)}) 13. Nxg5 Qxg5 14. Nb6
(14. Nc7 Rb8 15. Rc5 Qf4 16. Nxa6 Ra8 17. Rc3 g6 18. Bb1 $4 Rxa6 {0-1 Petersen,
S-Sorensen,T/Herlev 1997/EXT 99 (18)}) 14... Rb8 15. Rc5 (15. Qc2 g6 (15... h6
16. Rfd1 (16. Qc5 Rd8 17. Bxa6 $2 (17. Qxg5 hxg5 18. Bxa6 Nxd4 19. Bd3 e5 $11)
17... Qxc5 18. Rxc5 bxa6 19. Rxc6 Bb7 20. Rc4 Bxg2 $15 {0-1 Roghani,A-Egin,V/
Calcutta 2001/CBM 85/[Huzman] (64)}) 16... e5 17. Nxc8 Rbxc8 18. dxe5 Qxe5 $14
{1/2-1/2 Riazantsev,A-Karjakin,S/Biel 2003/CBM 95 ext (52)}) 16. Qc5 Qd8 17.
Rc4 (17. d5 $1 exd5 18. Nxd5 $14) 17... Bd7 18. Be4 Ne7 19. Rc2 Nc8 20. Nxd7
Qxd7 21. Qe5 $14 {1-0 Cvitan,O-Kharlov,A/Biel 1992/CBM 31 ext (42)}) (15. Be4
Rd8 16. Bxc6 bxc6 17. Nxc8 Rbxc8 18. Rc4 Qa5 $11 {1/2-1/2 Portisch,L-Zhu Chen/
Amsterdam 2001/EXT 2002 (34)}) 15... Qd8 16. Nxc8 Rxc8 17. Qc2 g6 18. Be4 Nxd4
19. Rxc8 Qxc8 20. Qxc8 Rxc8 21. Bxb7 Rb8 22. Bxa6 Rxb2 $11 {1/2-1/2 Wilson,
J-Ben Menachem,I/London 1994/EXT 2000 (29)}) (12. Ne4 Bxg5 13. Nexg5 Nf6 $11 {
1/2-1/2 Xu Yuanyuan-Zhang Weida/Beijing 1997/CBM 61 (60)}) (12. Bxe7 Ncxe7 13.
Re1 (13. Ne5 b6 (13... Bd7 14. Be4 Bc6 15. Nxc6 Nxc6 16. Qd3 h6 17. Rfd1 Rc8
18. Nxd5 exd5 19. Bf3 Qg5 20. Rc3 Rfd8 21. a3 Rd6 22. g3 Qf6 23. Kg2 g6 24. b4
Rcd8 25. Rc5 b6 26. Rc3 b5 27. Rc5 $14 {1-0 Hjartarson,J-Spangenberg,H/Linares
1995/CBM 45 ext (75)}) 14. Nxd5 Nxd5 15. Nc6 Qd6 16. Be4 Bd7 17. Bxd5 exd5 18.
Ne5 f6 $11 {1/2-1/2 Xu Jun-Timoshenko,G/Linares 1998/CBM 62 ext (20)}) 13...
Bd7 14. Ne5 Nc6 15. Bb1 Nf6 16. Qd3 {1/2-1/2 Shariyazdanov,A-Fridman,D/
Medellin 1996/Juniors (16)}) (12. h4 h6 13. Bxe7 Ncxe7 14. Bb1 (14. Qe1 Nf6 15.
Ne4 {1/2-1/2 Dreev,A-Karjakin,S/Dos Hermanas 2003/CBM 95 (15)}) 14... b6 15.
Qd3 Nf6 16. Ne4 Ned5 17. Nxf6+ Nxf6 18. Ne5 Bb7 $11 {1-0 Shariyazdanov,
A-Stevic,H/Porec 1998/EXT 99 (43)}) 12... Ncb4 13. Bb1 b5 (13... b6 14. a3 Nxc3
15. bxc3 Nd5 16. Qd3 g6 17. Bh6 Re8 18. c4 $36) 14. Ne4 $1 {[%cal Ge4c5]} Nxe3
15. fxe3 Bb7 16. a3 (16. Nc5 $5 Bxc5 17. Rxc5 Nd5 18. Qd2 $14) 16... Bxe4 (
16... Nd5 17. Qd2 Rc8 18. b4 $14) 17. Bxe4 Nd5 18. Qb3 $1 (18. Qd3 f5 19. Bxd5
Qxd5 $11) 18... Bg5 $6 (18... f5 19. Bxd5 Qxd5 20. Qxd5 exd5 21. Rc6 $14) 19.
Rfe1 Qe7 (19... Ra7 $16 20. Bxd5 exd5 21. Ne5 $16) 20. Bxd5 exd5 21. Qxd5 $2 {
Probably White missed the next move of Black.} ({White could win the pawn by} 
21. Rc5 $1 Rad8 22. e4 Bf4 (22... Bh4 23. g3 Bf6 24. e5 $16) 23. Rxd5 (23. g3
Bh6 (23... Bb8 24. Rxd5 Qe6 25. Ng5 $16) 24. Rxd5 Qe6 $44) 23... Qe6 24. g3 Bh6
25. Ne5 Bg5 $14) 21... Qxe3+ $1 22. Rxe3 (22. Kh1 Qxc1 $17) 22... Bxe3+ 23. Kf1
Bxc1 $15 24. Qb3 Bf4 $6 (24... Rfe8 $5 25. Ne5 Re6 $15) 25. g3 Bd6 26. Qd5 $132
Rfd8 (26... Rad8 27. Qc6 $132) 27. Ng5 Ra7 28. Qe4 g6 29. Qh4 h5 30. g4 $1 Rc7
(30... Rc8 $5 31. gxh5 Rc1+ 32. Ke2 Rc2+ 33. Kd3 Rxh2 34. Nh3 $132) 31. gxh5
Rc1+ (31... Rf8 32. Ne4 Be7 33. Qg3 $36) 32. Ke2 Rc2+ (32... Re8+ 33. Kd2 Rh1
34. hxg6 $1 Rxh2+ 35. Qxh2 Bxh2 36. gxf7+ $18) 33. Kd3 Rxh2 34. Nh3 $1 (34. Qe4
Rxh5 35. Qd5 Rf8 $17) 34... Be7 (34... Re8 35. hxg6 fxg6 36. Qg4 Kg7 37. Ng5
$132) 35. Qxe7 Rxh3+ 36. Ke4 f5+ (36... Rf8 37. hxg6 $16) 37. Kf4 Rxd4+ 38. Kg5
Rg4+ 39. Kf6 gxh5 1/2-1/2

[Event "Santiago Entel Cup 2nd"]
[Site "Santiago de Chile"]
[Date "2005.03.15"]
[Round "1"]
[White "Leitao, Rafael Duailibe"]
[Black "Zambrana, Oswaldo"]
[Result "1-0"]
[WhiteElo "2580"]
[BlackElo "2472"]
[Annotator "Huzman,A"]
[PlyCount "39"]
[EventDate "2005.03.15"]
[EventType "tourn"]
[EventRounds "13"]
[EventCountry "CHI"]
[EventCategory "9"]
[SourceTitle "CBM 106"]
[Source "ChessBase"]
[SourceDate "2005.06.06"]
[SourceVersion "1"]
[SourceVersionDate "2005.06.06"]
[SourceQuality "1"]

1. d4 d5 2. c4 dxc4 3. Nf3 Nf6 4. e3 e6 5. Bxc4 c5 6. O-O a6 7. a4 Nc6 8. Qe2
Qc7 9. Nc3 Bd6 10. b3 O-O 11. Bb2 b6 12. d5 (12. Rad1 h6 13. Kh1 Re8 14. d5
exd5 15. Nxd5 Nxd5 16. Bxd5 Be6 17. e4 Bxd5 18. Rxd5 Nb4 19. Rh5 Qc6 20. Bxg7
Kxg7 21. Qb2+ Kg8 22. Rxh6 Be5 $1 $19 {0-1 Djuric,S-Drasko,M/Zlatibor 1989/EXT
2000 (29)}) (12. h3 Bb7 13. Rfd1 cxd4 14. exd4 Na5 15. d5 Nxc4 16. bxc4 Rfe8
17. Qd3 Rac8 18. Ng5 h6 19. Nge4 Bh2+ 20. Kh1 Be5 21. d6 Qc6 22. Nxf6+ Bxf6 23.
f3 Red8 $17 {0-1 Guliev,S-Karpatchev,A/Baku 1997/EXT 2000 (33)}) (12. Rfd1 Bb7
13. d5 (13. Rac1 Rfd8 14. h3 Na5 15. Ne5 cxd4 16. exd4 Nxc4 17. Nxc4 Bh2+ 18.
Kh1 Bf4 $17 {1/2-1/2 Eriksson,J-Vernersson,P/Sweden 2001/EXT 2003 (58)}) 13...
Ne5 (13... exd5 $142) 14. Nxe5 Bxe5 15. dxe6 Bxh2+ 16. Kh1 fxe6 17. f4 Bg3 18.
Bxe6+ Kh8 19. Bd5 $14 {1-0 Gagarin,V-Lastin,A/Moscow 1998/EXT 2000 (31)}) 12...
Ne5 (12... exd5 13. Nxd5 Nxd5 14. Bxd5 Bb7 15. Qc4 Rae8 16. Rad1 Ne5 17. Bxe5
Bxe5 18. Bxb7 Qxb7 19. Nxe5 Rxe5 20. Rd6 b5 21. Qc2 Rfe8 22. Rfd1 $14 {1/2-1/2
Arkhipov,S-Batsanin,D/Tomsk 2001/CBM 82 ext (35)}) (12... Na5 $5 13. dxe6 (13.
e4 Ng4 14. h3 Nh2 15. Rfd1 Nxf3+ 16. Qxf3 Bh2+ 17. Kh1 Be5 $132) 13... Nxc4 14.
exf7+ Qxf7 15. bxc4 (15. Qxc4 Be6) 15... Bg4) 13. Nxe5 Bxe5 14. dxe6 Bxh2+ $6 (
14... Bxe6 15. Bxe6 fxe6 16. f4 Bxc3 17. Bxc3 Ne4 18. Be5 $14) 15. Kh1 Be5 16.
exf7+ Kh8 17. f4 Bd6 $2 (17... Bxc3 $142 18. Bxc3 Qe7 19. Bxf6 $5 (19. a5 b5
20. Bxf6 gxf6 (20... Qxf6 21. Bd5 Ra7 22. Rac1 $16) 21. Bd5 Bb7 22. Rad1 Bxd5
23. Rxd5 Rxf7 24. Rc1 Rc8 25. Qd3 $14) 19... gxf6 (19... Qxf6 20. a5 b5 21. Bd5
$16) 20. Rac1 Be6 21. a5 Rab8 22. Bxe6 Qxe6 23. axb6 Rxb6 24. Rxc5 Qxf7 25. Ra5
$14) 18. Nd5 $1 $18 Nxd5 (18... Bg4 19. Qe1 Nxd5 20. Bxd5 Qe7 21. Qg3 h5 22.
Bxa8 Rxa8 23. e4 $18) 19. Bxd5 Rd8 (19... Bb7 20. Qg4 Rxf7 21. Bxf7 Qxf7 22.
Rad1 $18) 20. Qh5 1-0